| 000 | 01221nam a2200169 a 4500 | ||
|---|---|---|---|
| 005 | 20140130141037.0 | ||
| 008 | 140130b2008 ck ||||| |||| 00| 0 spa d | ||
| 041 | _aspa | ||
| 044 | _ack | ||
| 090 |
_aIAVH _b01290 |
||
| 100 |
_aHernández Cárdenas, Verónica _96061 |
||
| 245 | _aAproximación a los avances de cinco entidades en el proceso de implementación del documento Propuesta técnica para la formulación de un plan de acción nacional en biodiversidad Colombia biodiversidad siglo XXI - Eje Conocer | ||
| 260 |
_aBogotá _bIAVH _c2008 |
||
| 300 | _a27 p. | ||
| 505 | _aContenido CD: Avances en el plan de acción - Agenda de investigación en sistemática siglo XXI -- Plan de Acción Nacional en Biodieversidad -Formulación - (IAvH) - Avances Agenda de Priorización 2005 - 2010 del Convenio de Diversidad Biológica para Colombia -- Estrategia 2: Recuperación, protección, divulgación del conocimiento tradicional -- Aproximación a los avances de cinco entidades en el proceso de implementación del documento Propuesta Técnica para la Formulación de un Plan de Acción Nacional en Biodiversidad. Colombia biodiversidad siglo XXI - Eje Conocer / Verónica Hernández Cárdenas | ||
| 942 |
_cImpreso _2z |
||
| 999 |
_c6763 _d6763 |
||